THE RICH AND THE MIGHTY (Record no. 56712)

000 -LEADER
fixed length control field 00421nam a22001817a 4500
003 - CONTROL NUMBER IDENTIFIER
control field MPLRDC
005 - DATE AND TIME OF LATEST TRANSACTION
control field 20220104163928.0
008 - FIXED-LENGTH DATA ELEMENTS--GENERAL INFORMATION
fixed length control field 210129b ||||| |||| 00| 0 eng d
020 ## - INTERNATIONAL STANDARD BOOK NUMBER
International Standard Book Number 0-00-617125-7
082 ## - DEWEY DECIMAL CLASSIFICATION NUMBER
Classification number 870.57 COW
100 ## - MAIN ENTRY--PERSONAL NAME
Personal name VERA COWIE
245 ## - TITLE STATEMENT
Title THE RICH AND THE MIGHTY
Statement of responsibility, etc.
250 ## - EDITION STATEMENT
Edition statement 第二版
260 ## - PUBLICATION, DISTRIBUTION, ETC.
Place of publication, distribution, etc.
Name of publisher, distributor, etc. FONTANA PAPERBACKS
Date of publication, distribution, etc. 1985
300 ## - PHYSICAL DESCRIPTION
Other physical details
650 ## - SUBJECT ADDED ENTRY--TOPICAL TERM
Topical term or geographic name entry element
942 ## - ADDED ENTRY ELEMENTS (KOHA)
Koha item type Book
-- 870.57 COW
Holdings
Withdrawn status Lost status Source of classification or shelving scheme Damaged status Not for loan Collection code Home library Current library Shelving location Date acquired Cost, normal purchase price Total Checkouts Full call number Barcode Date last seen Date last checked out Price effective from Koha item type Public note
            Malaysian Public Library, Research and Development Centre Malaysian Public Library, Research and Development Centre   10/12/2007 2.95   870.57 COW E0000897 18/03/2021 29/01/2008 18/03/2021 Book mplrdc

© 2022. Malaysian Public Library, Research and Development Centre. All Right ReservedE-mailmplrdc@help.edu.my 

Powered by Koha